Harry Potter: Dean Quiz Stats

 Plays Quiz not verified by Sporcle

Challenge
Share
Tweet
Embed
Score 0/18 Timer 10:00
0 Plays Today
Qustions Answers % Correct
He shared a room with which forgetful Pure blood?Neville Longbottom
93.4%
Dean joined which new group?Dumbledores Army
93.4%
Who became Deans best friend?Seamus Finnigan
92.3%
Dean supported which Triwizard champion?Harry Potter
89%
Dean supported Harry in saying which Dark wizard was back?Voldemort
89%
Dean was found to be in a relatioship with which witch?Ginny Weasley
87.9%
What is Deans last name?Thomas
82.4%
What is Deans actual blood status?Half Blood
79.1%
Dean was thought to be at risk of attack from what creature?Basilisk
74.7%
Qustions Answers % Correct
Dean insulted which half breed teacher?Firenze
72.5%
What blood status does Dean think he is?Muggle born
71.4%
Dean fought in what battle along with his friends?Battle of Hogwarts
68.1%
Who did he take over from as a gryffindor chaser?Katie Bell
65.9%
Whilst staying in ______ cottage, Dean became friends with who? (fill in the gap as well as answering thge question)shell and Luna
57.1%
Which Football team does Dean support?West Ham
50.5%
Dean joined which club? Duelling Club
47.3%
Which four people/ gobins was Dean found travelling with? (in alphabetical order) (first names only)Dirk Gornuk Griphook Ted
19.8%
Dean had to go on the run and not attend Hogwarts because what policy had been put in place there?no muggles policy
3.3%

You're not logged in!

Compare scores with friends on all Sporcle quizzes.
Join for Free
OR
Log In

You Might Also Like...

Show Comments

Extras

Top Quizzes Today


Score Distribution

Your Account Isn't Verified!

In order to create a playlist on Sporcle, you need to verify the email address you used during registration. Go to your Sporcle Settings to finish the process.

Report this User

Report this user for behavior that violates our Community Guidelines.

Details: